000
00300nam a2200109Ia 4500
008
160609s9999 xx 000 0 und d
100
_a
Nothangel, Alberto.
245
_a
Basic Communication
245
_c
by Alberto Nothnagel
260
_c
2016
856
_u
http://www.smashwords.com/books/view/627011
999
_c
295654
_d
295654